The Forty Rules of Love / (Record no. 591465)
[ view plain ]
| 000 -LEADER | |
|---|---|
| fixed length control field | 00243nam a22001097a 4500 |
| 003 - CONTROL NUMBER IDENTIFIER | |
| control field | NUST |
| 082 ## - DEWEY DECIMAL CLASSIFICATION NUMBER | |
| Classification number | 813.6,SHA |
| 100 ## - MAIN ENTRY--PERSONAL NAME | |
| Personal name | Shafak, Elif |
| 9 (RLIN) | 9827 |
| 245 ## - TITLE STATEMENT | |
| Title | The Forty Rules of Love / |
| Statement of responsibility, etc. | Elif Shafak, |
| 650 ## - SUBJECT ADDED ENTRY--TOPICAL TERM | |
| Topical term or geographic name entry element | Novel |
| 9 (RLIN) | 2525 |
| 942 ## - ADDED ENTRY ELEMENTS (KOHA) | |
| Source of classification or shelving scheme | |
| Koha item type | Book |
| Withdrawn status | Lost status | Source of classification or shelving scheme | Damaged status | Not for loan | Permanent Location | Current Location | Shelving location | Date acquired | Shelving control number | Total Checkouts | Full call number | Barcode | Date last seen | Date last checked out | Price effective from | Koha item type | Public note |
|---|---|---|---|---|---|---|---|---|---|---|---|---|---|---|---|---|---|
| Military College of Signals (MCS) | Military College of Signals (MCS) | Fiction | 10/03/2022 | English Literature | 16 | 813.6,SHA | MCS38055 | 02/17/2026 | 02/04/2026 | 10/03/2022 | Book | Almirah No.57, Shelf No.4 |
